Testo della canzone - Tutta l'Italia, Gabry Ponte - Statistics

Statistiche generali
  • Questo quiz è stato fatto 100 volte
  • Il punteggio medio è 115 su 221
Statistiche sulle risposte
Testo % Corretto
l'Italia,
99%
l'Italia
99%
Tutta
99%
tutta
99%
I
91%
i
91%
Ma
84%
ma
84%
ci
80%
con
78%
Con
78%
la
78%
La
78%
a
75%
A
75%
e
75%
E
75%
è
75%
in
75%
di
67%
sta
67%
'sta
67%
un
64%
ti
63%
"Ti
63%
le
61%
Le
61%
poi
61%
mano
58%
salta
58%
bicchiere
57%
amo"
53%
non
53%
roba
50%
se
50%
Il
47%
Che
46%
che
46%
lo
46%
ballare
43%
Lasciateci
43%
dirci
42%
Domani
41%
tutti
41%
Mamma,
39%
tra
39%
Siamo
38%
stasera
38%
lei
37%
letto,
36%
Fa
34%
fa
34%
Gioconda
34%
pentiamo
34%
qui
34%
ride
34%
ritorno
34%
bene,
33%
dei
33%
nostro
33%
Parigi
33%
bravi
32%
Padre
32%
qualche
32%
dormo
30%
posto
30%
ragazzi,
30%
sicuro
30%
baci
29%
dita
29%
dita,
29%
Va
29%
vino
29%
canti,
28%
Spaghetti,
28%
amici
26%
finisco
26%
luci
26%
mai
26%
Occhi
25%
sente
25%
grida
24%
sento
24%
felici
22%
niente
22%
niente,
22%
Quanti
22%
son
22%
Craxi
21%
degli
21%
nelle
21%
passano
21%
vietati
20%
calci
18%
calcio
18%
sentita
18%
tristi
18%
l'hai
17%
nere
17%
prendono
17%
santissimo
17%
stradine
17%
vita
17%
Avanti,
16%
avanti
16%
Cucina
16%
stracci
16%
avanzi,
14%
d'oro
14%
moda
14%
monetine
14%
popolo,
14%
quante
14%
collanine
13%
così
13%
beato
12%
stellata
12%
sulle
12%
altri
9%
blu
9%
canottiere
9%
desideri
9%
four
8%
One,
8%
three,
8%
two,
8%
baby,
5%
L'auto
5%
lanpeggianti
3%
Nessun quiz corrispondente trovato
Distribuzione punteggi
Percentuale di utenti per punteggio
Percentile per numero di risposta
I tuoi punteggi nel tempo
Non hai fatto questo quiz